[Event "4NCL Division 4 South"]
[Site "Reading, ENG"]
[Date "2017.01.15"]
[Round "4.81"]
[White "Willmoth, Robert F"]
[Black "Headlong, Timothy"]
[Result "1-0"]
[WhiteElo "2245"]
[BlackElo "2035"]
[PlyCount "71"]
[EventDate "2017.01.15"]
[WhiteTeam "Barnet Knights 1"]
[BlackTeam "Brown Jack 2"]

1. d4 d5 2. c4 e6 3. Nf3 c5 4. cxd5 exd5 5. g3 Nc6 6. Bg2 Nf6 7. O-O Be7 8. Nc3
O-O 9. dxc5 Bxc5 10. Na4 Be7 11. Be3 Bg4 12. Qb3 Qd7 13. Nc5 Bxc5 14. Bxc5 Rfe8
15. Rfe1 Ne4 16. Be3 h6 17. Rac1 Na5 18. Qd3 Nc4 19. Bd4 Bf5 20. Qd1 b5 21. b3
Na5 22. Ne5 Qd6 23. f3 Ng5 24. Qd2 b4 25. Nd3 Ne6 26. Nxb4 Rab8 27. Nc2 Nc6 28.
Bf2 d4 29. e4 Bh7 30. Red1 Red8 31. f4 Nb4 32. Nxd4 Qa6 33. a4 Nxd4 34. Bxd4
Nc6 35. Qe3 Qb7 36. e5 1-0

[Event "4NCL Division 4 South"]
[Site "Reading, ENG"]
[Date "2017.01.15"]
[Round "4.82"]
[White "Bourne, Johnathan D"]
[Black "Villiers, Thomas"]
[Result "0-1"]
[WhiteElo "1952"]
[BlackElo "2222"]
[PlyCount "96"]
[EventDate "2017.01.15"]
[WhiteTeam "Brown Jack 2"]
[BlackTeam "Barnet Knights 1"]

1. e4 c5 2. Nc3 e6 3. Nge2 Nc6 4. d4 cxd4 5. Nxd4 a6 6. Be2 Qc7 7. Nf3 Nf6 8.
O-O b5 9. a3 Bb7 10. Bd3 Bc5 11. b4 Be7 12. Bb2 Ng4 13. Re1 Bh4 14. g3 Bf6 15.
Nd5 exd5 16. exd5+ Ne7 17. Qe2 d6 18. Bxf6 Nxf6 19. c4 bxc4 20. Bxc4 Bxd5 21.
Rac1 Qb7 22. Bxa6 Bxf3 23. Bxb7 Bxe2 24. Rxe2 Kd7 25. Bxa8 Rxa8 26. Rc3 Nfd5
27. Rd3 Nb6 28. Rc2 Nc6 29. Kf1 Ne5 30. Rdc3 Nd5 31. Rb3 Nc6 32. Rd2 Nb6 33.
Rc3 d5 34. f4 Kd6 35. Rdc2 Nc4 36. Rd3 Rxa3 37. Rxa3 Nxa3 38. Ra2 Nb5 39. Ra6
Kc7 40. Ra8 Nxb4 41. Rh8 Nd6 42. Rxh7 g6 43. f5 gxf5 44. Rh4 Nc6 45. Rf4 d4 46.
h4 Ne4 47. Ke1 Nb4 48. Rxf5 Nc2+ 0-1

[Event "4NCL Division 4 South"]
[Site "Reading, ENG"]
[Date "2017.01.15"]
[Round "4.83"]
[White "Brozel, Sacha"]
[Black "Shaw, Meyrick"]
[Result "1-0"]
[WhiteElo "2080"]
[BlackElo "1933"]
[PlyCount "61"]
[EventDate "2017.01.15"]
[WhiteTeam "Barnet Knights 1"]
[BlackTeam "Brown Jack 2"]

1. g3 e5 2. c4 Nc6 3. Nc3 Nf6 4. Bg2 Bb4 5. Nd5 Nxd5 6. cxd5 Ne7 7. e3 O-O 8.
Ne2 d6 9. a3 Ba5 10. b4 Bb6 11. O-O Bd7 12. d4 f6 13. Bb2 Qe8 14. Rc1 Qh5 15.
Re1 Bg4 16. e4 Ng6 17. Qd3 f5 18. Rc2 fxe4 19. Bxe4 Rf3 20. Bxf3 Bxf3 21. dxe5
dxe5 22. Qb3 Rf8 23. d6+ Kh8 24. dxc7 Bxf2+ 25. Kxf2 Bd5+ 26. Kg1 Bxb3 27. c8=Q
Qf3 28. Nf4 Bxc2 29. Qxc2 exf4 30. Qc7 Rg8 31. Qxg7+ 1-0

[Event "4NCL Division 4 South"]
[Site "Reading, ENG"]
[Date "2017.01.15"]
[Round "4.84"]
[White "O'Byrne, Daniel"]
[Black "Pollack, Oscar"]
[Result "0-1"]
[WhiteElo "1802"]
[BlackElo "1952"]
[PlyCount "72"]
[EventDate "2017.01.15"]
[WhiteTeam "Brown Jack 2"]
[BlackTeam "Barnet Knights 1"]

1. d4 Nf6 2. c4 d6 3. Nc3 e5 4. dxe5 dxe5 5. Qxd8+ Kxd8 6. Bg5 c6 7. O-O-O+ Kc7
8. Ne4 Nbd7 9. Nxf6 gxf6 10. Bh4 Bh6+ 11. e3 Bg5 12. Bxg5 fxg5 13. g3 Nc5 14.
f3 a5 15. Bh3 f5 16. Ne2 g4 17. Bg2 gxf3 18. Bxf3 e4 19. Bg2 Nd3+ 20. Rxd3 exd3
21. Nf4 a4 22. Rd1 Rd8 23. Nxd3 Be6 24. Nf4 Rxd1+ 25. Kxd1 Bxc4 26. a3 Rd8+ 27.
Kc2 Bb3+ 28. Kc3 Rd1 29. Ne2 Bd5 30. Bh3 Be4 31. Nf4 Rc1+ 32. Kb4 b5 33. Ka5
Rc2 34. Ne6+ Kd6 35. Nd4 Rxh2 36. Nxf5+ Ke5 0-1

[Event "4NCL Division 4 South"]
[Site "Reading, ENG"]
[Date "2017.01.15"]
[Round "4.85"]
[White "Sanitt, Ethan"]
[Black "Headlong, Benjamin"]
[Result "1/2-1/2"]
[WhiteElo "1832"]
[BlackElo "1735"]
[PlyCount "49"]
[EventDate "2017.01.15"]
[WhiteTeam "Barnet Knights 1"]
[BlackTeam "Brown Jack 2"]

1. c4 e5 2. Nc3 Bb4 3. g3 Bxc3 4. bxc3 Nf6 5. Bg2 Nc6 6. e4 d6 7. d4 O-O 8. Ne2
Re8 9. Qd3 Qe7 10. d5 Na5 11. Ba3 b6 12. Bb4 Nb7 13. O-O Nd7 14. Nc1 Nbc5 15.
Bxc5 Nxc5 16. Qe2 Ba6 17. Nb3 Rad8 18. Nxc5 bxc5 19. Bh3 Bc8 20. Bxc8 Rxc8 21.
Qc2 Qd7 22. Rab1 Rb8 23. Kg2 h6 24. f3 Rb6 25. Kf2 1/2-1/2

[Event "4NCL Division 4 South"]
[Site "Reading, ENG"]
[Date "2017.01.15"]
[Round "4.86"]
[White "Onslow, Teddy"]
[Black "Sanitt, Leo"]
[Result "1/2-1/2"]
[WhiteElo "1697"]
[BlackElo "1900"]
[PlyCount "51"]
[EventDate "2017.01.15"]
[WhiteTeam "Brown Jack 2"]
[BlackTeam "Barnet Knights 1"]

1. d4 d5 2. Bf4 Nf6 3. e3 e6 4. Bd3 c5 5. c3 Bd6 6. Bxd6 Qxd6 7. Nd2 cxd4 8.
exd4 Nc6 9. Ngf3 O-O 10. O-O Nd7 11. Re1 f5 12. Qe2 Nf6 13. Ne5 Ne4 14. f3 Nxe5
15. dxe5 Qb6+ 16. Kf1 Bd7 17. Nb3 Nc5 18. Nxc5 Qxc5 19. Qf2 Rac8 20. Rac1 Bb5
21. Bxb5 Qxb5+ 22. Kg1 Qa5 23. a3 Rc7 24. Red1 Rfc8 25. Rd4 b6 26. Rcd1 1/2-1/2

[Event "4NCL Division 4 South"]
[Site "Reading, ENG"]
[Date "2017.01.15"]
[Round "4.91"]
[White "Farr, Peter G"]
[Black "Amato, Giampiero"]
[Result "0-1"]
[WhiteElo "2102"]
[BlackElo "2007"]
[PlyCount "84"]
[EventDate "2017.01.15"]
[WhiteTeam "Kent Kestrels"]
[BlackTeam "CSC Rhinos (2)"]

1. c4 c5 2. Nc3 g6 3. g3 Bg7 4. Bg2 Nc6 5. b3 Nf6 6. Bb2 O-O 7. d3 b6 8. Nf3
Bb7 9. O-O d5 10. cxd5 Nxd5 11. Qd2 Nxc3 12. Bxc3 Bxc3 13. Qxc3 Nd4 14. Nxd4
cxd4 15. Qb4 Bxg2 16. Kxg2 Qd5+ 17. Kg1 Qe5 18. Rac1 Rfc8 19. Rc4 Rxc4 20. Qxc4
Qxe2 21. Qxd4 Qxa2 22. b4 Qe6 23. b5 Rc8 24. Ra1 Qh3 25. Qe3 Rc7 26. d4 Qd7 27.
Qe5 Qd6 28. Qe4 Kg7 29. Qd3 Qd5 30. Rd1 e6 31. h4 h5 32. Qe3 Qxb5 33. d5 Rd7
34. d6 Qc5 35. Qd2 a5 36. Qb2+ Kh7 37. Qf6 b5 38. Qf4 b4 39. g4 hxg4 40. Qxg4
Rxd6 41. Rxd6 Qxd6 42. h5 Qd3 0-1

[Event "4NCL Division 4 South"]
[Site "Reading, ENG"]
[Date "2017.01.15"]
[Round "4.92"]
[White "Richardson, Keith B"]
[Black "Allison, Conrad"]
[Result "1/2-1/2"]
[WhiteElo "2001"]
[BlackElo "1936"]
[PlyCount "105"]
[EventDate "2017.01.15"]
[WhiteTeam "CSC Rhinos (2)"]
[BlackTeam "Kent Kestrels"]

1. e4 e5 2. Nf3 Nc6 3. Bc4 Bc5 4. O-O Nf6 5. c3 d6 6. d4 Bb6 7. dxe5 Nxe5 8.
Nxe5 dxe5 9. Qxd8+ Kxd8 10. Bg5 Ke7 11. Nd2 Re8 12. a4 a6 13. h3 Kf8 14. a5 Ba7
15. Rfd1 Be6 16. Bxf6 gxf6 17. Bxe6 fxe6 18. Nc4 Rad8 19. Kf1 Ke7 20. Ke2 Rg8
21. g3 Rxd1 22. Rxd1 Rd8 23. Rb1 h5 24. b4 c6 25. Rf1 Rd7 26. f4 exf4 27. gxf4
Kf7 28. e5 Bb8 29. Rg1 Rd8 30. exf6 Kxf6 31. Rg5 Bxf4 32. Rxh5 Rd7 33. Rh8 Bc7
34. Rh6+ Kf5 35. h4 Bf4 36. Rh8 e5 37. h5 e4 38. Rf8+ Kg5 39. Re8 Bc1 40. Re5+
Kg4 41. Rxe4+ Kxh5 42. Rd4 Rxd4 43. cxd4 Bf4 44. Kf3 Kg5 45. Ke4 Bg3 46. Ne5
Kf6 47. Nd7+ Ke7 48. Nc5 Be1 49. Nxb7 Bxb4 50. Kd3 Kd7 51. Kc4 Be1 52. Nc5+ Kd6
53. Nxa6 1/2-1/2

[Event "4NCL Division 4 South"]
[Site "Reading, ENG"]
[Date "2017.01.15"]
[Round "4.93"]
[White "Watson, Jacob"]
[Black "Vachtfeidl, Petr"]
[Result "0-1"]
[WhiteElo "1803"]
[BlackElo "1982"]
[PlyCount "102"]
[EventDate "2017.01.15"]
[WhiteTeam "Kent Kestrels"]
[BlackTeam "CSC Rhinos (2)"]

1. e4 c5 2. Nf3 e6 3. c3 Nf6 4. e5 Nd5 5. Bc4 d6 6. d4 cxd4 7. cxd4 Nc6 8. O-O
Be7 9. Nbd2 O-O 10. Re1 a6 11. Ne4 dxe5 12. dxe5 b5 13. Bb3 h6 14. Be3 Nxe3 15.
Rxe3 Qxd1+ 16. Rxd1 Rd8 17. Red3 Rxd3 18. Rxd3 Na5 19. Nd6 Nxb3 20. axb3 Bxd6
21. exd6 Bb7 22. Ne5 Rd8 23. d7 f6 24. Nf3 Bc6 25. Kf1 Rxd7 26. Ne1 b4 27. Rxd7
Bxd7 28. Nc2 a5 29. Nd4 e5 30. Nc2 Be6 31. Ke2 Bxb3 32. Na1 Bd5 33. Kd3 Kf7 34.
Nc2 Ke6 35. Ne3 f5 36. g3 g5 37. g4 f4 38. Nf5 h5 39. Ng7+ Kf7 40. Nf5 h4 41.
Nd6+ Ke6 42. Nb5 a4 43. Nc7+ Kd6 44. Ne8+ Kc5 45. Nf6 e4+ 46. Kc2 Kd4 47. Nh7
e3 48. fxe3+ fxe3 49. Nxg5 a3 50. bxa3 bxa3 51. Nh3 a2 0-1

[Event "4NCL Division 4 South"]
[Site "Reading, ENG"]
[Date "2017.01.15"]
[Round "4.94"]
[White "Mashayekh, Majid"]
[Black "Watson, Mikey J"]
[Result "0-1"]
[WhiteElo "1944"]
[BlackElo "1705"]
[PlyCount "86"]
[EventDate "2017.01.15"]
[WhiteTeam "CSC Rhinos (2)"]
[BlackTeam "Kent Kestrels"]

1. c4 e5 2. Nc3 f5 3. g3 Nf6 4. Bg2 Bc5 5. d3 O-O 6. e3 Qe8 7. Nge2 d6 8. O-O
c6 9. d4 Bb6 10. Qb3 Be6 11. d5 cxd5 12. cxd5 Bd7 13. a4 Na6 14. a5 Nc5 15. Qc4
Bd8 16. b4 Na6 17. Bd2 Rc8 18. Qb3 Qh5 19. f3 Nc7 20. Rac1 Qf7 21. e4 fxe4 22.
Nxe4 Be7 23. Nxf6+ gxf6 24. Nc3 Qh5 25. b5 f5 26. b6 Na6 27. bxa7 Nc5 28. Qd1
Ra8 29. Be3 Rfc8 30. Ne2 Rxa7 31. Qd2 Raa8 32. Bxc5 Rxc5 33. Rxc5 dxc5 34. d6
Bd8 35. Qd5+ Qf7 36. Qxe5 Rxa5 37. f4 c4 38. Qc3 b5 39. Rd1 Ra2 40. Qe3 Kh8 41.
Bd5 Qf6 42. Bf3 b4 43. Rc1 Qxd6 0-1

[Event "4NCL Division 4 South"]
[Site "Reading, ENG"]
[Date "2017.01.15"]
[Round "4.95"]
[White "Nayak, Aurideep"]
[Black "Foley, John P"]
[Result "0-1"]
[WhiteElo "1574"]
[BlackElo "1939"]
[PlyCount "92"]
[EventDate "2017.01.15"]
[WhiteTeam "Kent Kestrels"]
[BlackTeam "CSC Rhinos (2)"]

1. e4 c6 2. d4 d5 3. exd5 cxd5 4. Bf4 Nc6 5. c3 Nf6 6. Nd2 g6 7. Ngf3 Bg7 8.
Bb5 O-O 9. O-O Bf5 10. Re1 Rc8 11. Qe2 Qb6 12. Nb3 Ne4 13. Nfd2 Nxd2 14. Bxd2
Rfe8 15. Bd3 Bxd3 16. Qxd3 a5 17. Rab1 e6 18. Qh3 Qc7 19. Bh6 Bh8 20. Re3 b6
21. Qh4 a4 22. Nd2 b5 23. Rh3 f6 24. Qg3 Qxg3 25. Rxg3 b4 26. h4 Bg7 27. Bxg7
Kxg7 28. h5 Rb8 29. hxg6 hxg6 30. Rd3 bxc3 31. bxc3 Rxb1+ 32. Nxb1 Rb8 33. Rd1
Rb2 34. a3 Na5 35. Re1 Nc4 36. Kh2 Kf7 37. Kg3 Rb3 38. Rc1 f5 39. Kf3 Rxb1 40.
Rxb1 Nd2+ 41. Ke3 Nxb1 42. Kd3 Nxa3 43. Kd2 Nc4+ 44. Kc1 Kf6 45. Kb1 Kg5 46.
Ka2 Kf4 0-1

[Event "4NCL Division 4 South"]
[Site "Reading, ENG"]
[Date "2017.01.15"]
[Round "4.96"]
[White "Cooke, Charlie"]
[Black "Nayak, Tarun"]
[Result "1-0"]
[WhiteElo "1810"]
[BlackElo "1000"]
[PlyCount "45"]
[EventDate "2017.01.15"]
[WhiteTeam "CSC Rhinos (2)"]
[BlackTeam "Kent Kestrels"]

1. d4 d5 2. c4 Nf6 3. e3 e6 4. Nf3 Nbd7 5. Nc3 c6 6. Be2 Be7 7. O-O O-O 8. b3
b6 9. Bb2 Qc7 10. Rc1 Bb7 11. cxd5 Nxd5 12. Ne4 N7f6 13. Ng3 Bd6 14. e4 Bf4 15.
exd5 Bxc1 16. Qxc1 Nxd5 17. Re1 Rac8 18. Ne4 Qf4 19. Qb1 Nf6 20. Bd3 c5 21.
Nxf6+ Qxf6 22. dxc5 Qf4 23. Bxh7+ 1-0

[Event "4NCL Division 4 South"]
[Site "Reading, ENG"]
[Date "2017.01.15"]
[Round "4.101"]
[White "Campbell, Mark C"]
[Black "Vallis, Luke"]
[Result "1-0"]
[WhiteElo "1930"]
[BlackElo "1915"]
[PlyCount "73"]
[EventDate "2017.01.15"]
[WhiteTeam "Cambridge University 3"]
[BlackTeam "Sandhurst Cadets"]

1. e4 c5 2. Nf3 e6 3. d4 cxd4 4. Nxd4 Nc6 5. c4 a6 6. Nc3 Qc7 7. Be3 g6 8. Be2
Bg7 9. Qd2 Nge7 10. O-O O-O 11. Rac1 f5 12. exf5 Nxf5 13. Nxf5 Rxf5 14. Bd3 Rf8
15. Bh6 Bxh6 16. Qxh6 Ne5 17. Be2 Nf7 18. Qh4 Nd6 19. Bd3 Qd8 20. Qh3 Nf5 21.
Rcd1 Kg7 22. Be4 Qc7 23. Qd3 Rb8 24. b3 Rf7 25. g4 Ne7 26. Bg2 Nc6 27. Ne4 d5
28. Ng5 Rf6 29. h3 Ne5 30. Qc3 h6 31. Nf3 Nxf3+ 32. Bxf3 dxc4 33. bxc4 b5 34.
c5 Bb7 35. Bxb7 Qxb7 36. c6 b4 37. Qxf6+ 1-0

[Event "4NCL Division 4 South"]
[Site "Reading, ENG"]
[Date "2017.01.15"]
[Round "4.102"]
[White "Isaksen, Peter A"]
[Black "Kreuzer, Christopher R L"]
[Result "1-0"]
[WhiteElo "1900"]
[BlackElo "1995"]
[PlyCount "83"]
[EventDate "2017.01.15"]
[WhiteTeam "Sandhurst Cadets"]
[BlackTeam "Cambridge University 3"]

1. e4 c5 2. c3 d5 3. exd5 Qxd5 4. d4 Nf6 5. Nf3 Bg4 6. Be2 e6 7. h3 Bh5 8. O-O
Be7 9. Be3 cxd4 10. Nxd4 Bxe2 11. Qxe2 O-O 12. Rd1 Rd8 13. Nd2 Nc6 14. N2f3 Ne5
15. Bg5 Nxf3+ 16. Nxf3 Qc5 17. Rxd8+ Rxd8 18. Rd1 Rxd1+ 19. Qxd1 Qd5 20. Qxd5
Nxd5 21. Bxe7 Nxe7 22. Kf1 f6 23. Ke2 Kf7 24. Kd3 Nd5 25. g3 Ke7 26. a3 Kd6 27.
b4 e5 28. c4 Ne7 29. Nd2 f5 30. f3 g5 31. g4 h6 32. Nf1 a5 33. Ne3 axb4 34.
axb4 e4+ 35. fxe4 f4 36. Nf5+ Ke6 37. Nxe7 Kxe7 38. c5 Kd7 39. b5 Kc7 40. e5
Kd7 41. c6+ bxc6 42. b6 1-0

[Event "4NCL Division 4 South"]
[Site "Reading, ENG"]
[Date "2017.01.15"]
[Round "4.103"]
[White "Phillips, William"]
[Black "Kadambadi, Nikhil"]
[Result "1/2-1/2"]
[WhiteElo "1866"]
[BlackElo "1802"]
[PlyCount "38"]
[EventDate "2017.01.15"]
[WhiteTeam "Cambridge University 3"]
[BlackTeam "Sandhurst Cadets"]

1. d4 d5 2. Nf3 Nf6 3. c4 e6 4. Bg5 Be7 5. Nc3 O-O 6. e3 c5 7. cxd5 Nxd5 8.
Bxe7 Qxe7 9. Nxd5 exd5 10. Be2 Nc6 11. O-O Bg4 12. dxc5 Qxc5 13. Rc1 Qa5 14. a3
Rfd8 15. h3 Bh5 16. Nd4 Bxe2 17. Qxe2 Nxd4 18. exd4 Re8 19. Qd3 Qb6 1/2-1/2

[Event "4NCL Division 4 South"]
[Site "Reading, ENG"]
[Date "2017.01.15"]
[Round "4.104"]
[White "Stoyanov, Viktor"]
[Black "Lim, Mark"]
[Result "1/2-1/2"]
[WhiteElo "1780"]
[BlackElo "1823"]
[PlyCount "102"]
[EventDate "2017.01.15"]
[WhiteTeam "Sandhurst Cadets"]
[BlackTeam "Cambridge University 3"]

1. d4 g6 2. Bf4 Bg7 3. Nf3 d6 4. e3 Nd7 5. c3 e5 6. Bg3 Ne7 7. dxe5 dxe5 8. Bc4
O-O 9. Bh4 Qe8 10. e4 Nc5 11. Qe2 c6 12. Qe3 Ne6 13. O-O Kh8 14. Bg3 f6 15. Rd1
g5 16. Rd6 Nf4 17. Bxf4 gxf4 18. Qe2 Qh5 19. Nd4 Qg5 20. Nf3 Qg4 21. h3 Qh5 22.
Na3 f5 23. Nd2 Qxe2 24. Bxe2 fxe4 25. Nxe4 Nf5 26. Rdd1 Nh4 27. f3 Nf5 28. Nc4
Be6 29. Na5 Ne3 30. Rd6 Bd5 31. c4 Bxe4 32. fxe4 Rf7 33. Rc1 Raf8 34. c5 Bf6
35. Re6 Rg7 36. Bf3 Bd8 37. Nc4 Nxg2 38. Bxg2 f3 39. Rc2 Bh4 40. Ne3 fxg2 41.
Nxg2 Bg3 42. Rd6 Rgf7 43. Rd1 Rf3 44. Rc3 Rxc3 45. bxc3 Bf2+ 46. Kh2 Bxc5 47.
Rd7 Rf2 48. Rxb7 Rxa2 49. Rc7 Ra6 50. Nh4 Rb6 51. Nf5 h5 1/2-1/2

[Event "4NCL Division 4 South"]
[Site "Reading, ENG"]
[Date "2017.01.15"]
[Round "4.105"]
[White "Davis, Holden"]
[Black "Vallis, Nicholas J"]
[Result "1-0"]
[WhiteElo "1751"]
[BlackElo "1630"]
[PlyCount "145"]
[EventDate "2017.01.15"]
[WhiteTeam "Cambridge University 3"]
[BlackTeam "Sandhurst Cadets"]

1. e4 c6 2. d4 d5 3. Nd2 dxe4 4. Nxe4 Bf5 5. Ng3 Bg6 6. Nf3 Nf6 7. Bd3 Bxd3 8.
Qxd3 Nbd7 9. O-O e6 10. c4 Bd6 11. Bg5 h6 12. Bd2 Qc7 13. Bc3 O-O 14. Rac1 Rfe8
15. Rfe1 Rac8 16. Ne5 Rcd8 17. Qe2 c5 18. dxc5 Qxc5 19. b4 Qc7 20. Nxd7 Nxd7
21. c5 Bf4 22. Qg4 Be5 23. Nh5 Bxc3 24. Rxc3 g6 25. Rg3 Kh7 26. Qf3 Kg8 27. h4
Kf8 28. Nf6 Nxf6 29. Qxf6 Kg8 30. h5 Qe7 31. Qxe7 Rxe7 32. hxg6 Kg7 33. gxf7+
Kxf7 34. Rf3+ Kg7 35. Re4 Rd2 36. a3 Rd5 37. Kh2 Rg5 38. Rd3 Kf6 39. Rd8 h5 40.
Rh8 Reg7 41. Rh6+ R7g6 42. Rxg6+ Rxg6 43. b5 Rg5 44. Rc4 Rg7 45. c6 Rc7 46. a4
Ke7 47. cxb7 Rxb7 48. Rh4 e5 49. Rxh5 Kd6 50. g4 Rg7 51. Kg3 e4 52. Kf4 Rf7+
53. Rf5 Rc7 54. g5 Rc4 55. g6 Rxa4 56. Ke3 Ke6 57. g7 Kxf5 58. g8=Q Ra3+ 59.
Ke2 Rd3 60. Qf7+ Ke5 61. Qxa7 Rb3 62. Qe7+ Kd4 63. Qd6+ Kc3 64. Qd2+ Kc4 65.
Qc2+ Rc3 66. Qxc3+ Kxc3 67. b6 e3 68. Kxe3 Kc4 69. b7 Kb5 70. b8=Q+ Ka6 71. Kd4
Ka5 72. Kc5 Ka6 73. Qb6# 1-0

[Event "4NCL Division 4 South"]
[Site "Reading, ENG"]
[Date "2017.01.15"]
[Round "4.106"]
[White "Thornley, Oliver"]
[Black "Breed, Greg J"]
[Result "0-1"]
[WhiteElo "1540"]
[BlackElo "1765"]
[PlyCount "96"]
[EventDate "2017.01.15"]
[WhiteTeam "Sandhurst Cadets"]
[BlackTeam "Cambridge University 3"]

1. e4 c5 2. Nf3 Nc6 3. d4 cxd4 4. Nxd4 e5 5. Nb3 Bb4+ 6. Nc3 h6 7. Bc4 Nf6 8.
f3 Qb6 9. a3 Bxc3+ 10. bxc3 O-O 11. Qe2 Ne7 12. Be3 Qc7 13. O-O d5 14. exd5
Nexd5 15. Bc5 Re8 16. Qd2 Be6 17. a4 b6 18. Bxd5 Nxd5 19. Bb4 a5 20. Ba3 Qxc3
21. Qxc3 Nxc3 22. Bb2 Ne2+ 23. Kf2 Bxb3 24. cxb3 Rac8 25. Rfe1 Nf4 26. Kg3 Nd3
27. Re2 Nxb2 28. Rxb2 Red8 29. Re1 f6 30. f4 Rc3+ 31. Kg4 Rd4 32. Rf1 Kf7 33.
Rf3 Rxf3 34. Kxf3 Rxf4+ 35. Ke3 Ke6 36. Rd2 Rb4 37. Rd3 f5 38. Kd2 Rh4 39. h3
g5 40. Rc3 Rd4+ 41. Ke2 f4 42. Kf3 e4+ 43. Ke2 Rd6 44. Rc4 Kd5 45. Rc3 Rc6 46.
Rxc6 Kxc6 47. Kd2 h5 48. Kc3 Kc5 0-1

[Event "4NCL Division 4 South"]
[Site "Reading, ENG"]
[Date "2017.01.15"]
[Round "4.111"]
[White "Balouka-Myers, Toby"]
[Black "Hameed, Asif"]
[Result "0-1"]
[WhiteElo "1517"]
[BlackElo "1795"]
[PlyCount "64"]
[EventDate "2017.01.15"]
[WhiteTeam "Barnet Knights 3"]
[BlackTeam "Oxford 3"]

1. c4 b6 2. g3 Bb7 3. Nf3 g5 4. h3 h5 5. d4 Bxf3 6. exf3 e6 7. f4 g4 8. hxg4 h4
9. Bg2 d5 10. Qa4+ c6 11. Nc3 Bg7 12. cxd5 exd5 13. Nxd5 b5 14. Qb3 Nd7 15. Nb4
Ne7 16. Nxc6 Nxc6 17. Bxc6 Rc8 18. Qxb5 Rxc6 19. Qxc6 Qe7+ 20. Kf1 O-O 21. Rxh4
Re8 22. Bd2 Qe2+ 23. Kg1 Bxd4 24. Kh1 Qxd2 25. Qd5 Kf8 26. Qd6+ Kg8 27. Qxd7
Re1+ 28. Rxe1 Qxe1+ 29. Kg2 Qxf2+ 30. Kh3 Qf1+ 31. Kh2 Qg1+ 32. Kh3 Qh1# 0-1

[Event "4NCL Division 4 South"]
[Site "Reading, ENG"]
[Date "2017.01.15"]
[Round "4.112"]
[White "Cole, Graham"]
[Black "Balouka-Myers, Raphael"]
[Result "1-0"]
[WhiteElo "1843"]
[BlackElo "1465"]
[PlyCount "63"]
[EventDate "2017.01.15"]
[WhiteTeam "Oxford 3"]
[BlackTeam "Barnet Knights 3"]

1. e4 e6 2. d4 d5 3. Nc3 Bb4 4. e5 c5 5. a3 Ba5 6. b4 cxb4 7. Nb5 bxa3+ 8. c3
Bc7 9. Bxa3 f6 10. Bd3 fxe5 11. Qh5+ g6 12. Bxg6+ Kd7 13. Be8+ Qxe8 14. Qxe8+
Kxe8 15. Nxc7+ Kd8 16. Nxa8 exd4 17. cxd4 Nf6 18. Nf3 Nc6 19. Ne5 Nxe5 20. dxe5
Ng4 21. Bd6 a6 22. Nb6 Bd7 23. Nxd7 Kxd7 24. Rc1 b5 25. Rc7+ Kd8 26. Ke2 Rg8
27. Rhc1 Ke8 28. Rc8+ Kf7 29. R1c7+ Kg6 30. Rxg8+ Kf5 31. Rf7+ Ke4 32. Rxg4#
1-0

[Event "4NCL Division 4 South"]
[Site "Reading, ENG"]
[Date "2017.01.15"]
[Round "4.113"]
[White "Virin, Daniel"]
[Black "Neatherway, A Philip"]
[Result "0-1"]
[WhiteElo "1465"]
[BlackElo "1843"]
[PlyCount "88"]
[EventDate "2017.01.15"]
[WhiteTeam "Barnet Knights 3"]
[BlackTeam "Oxford 3"]

1. e4 c5 2. Nf3 e6 3. d4 cxd4 4. Nxd4 a6 5. c4 Qc7 6. Nc3 Nf6 7. Be3 Nc6 8. Be2
Bb4 9. f3 O-O 10. O-O Bxc3 11. bxc3 d5 12. Bd3 Ne5 13. exd5 exd5 14. Bf4 Nh5
15. Bxe5 Qxe5 16. cxd5 Qxd5 17. Nc2 Nf6 18. Re1 Bf5 19. Bxf5 Qxf5 20. Ne3 Qc5
21. Qd4 Rac8 22. Qxc5 Rxc5 23. Rac1 Rfc8 24. c4 b5 25. Re2 bxc4 26. Rec2 c3 27.
Nd1 Nd5 28. Kf2 Kf8 29. Ke2 g5 30. Kd3 Nb4+ 31. Kd4 Rc4+ 32. Ke3 Re8+ 33. Kf2
Nd3+ 34. Kg3 Nxc1 35. Rxc1 c2 36. Nb2 Rc3 37. Na4 Ra3 38. Nb2 Rxa2 39. Rxc2 Rb8
40. Rc6 Rbxb2 41. Rh6 Rxg2+ 42. Kh3 Rxh2+ 43. Kg4 Rag2+ 44. Kf5 Rxh6 0-1

[Event "4NCL Division 4 South"]
[Site "Reading, ENG"]
[Date "2017.01.15"]
[Round "4.114"]
[White "Bush, Ian"]
[Black "Rampley, Oscar"]
[Result "1-0"]
[WhiteElo "1810"]
[BlackElo "1292"]
[PlyCount "47"]
[EventDate "2017.01.15"]
[WhiteTeam "Oxford 3"]
[BlackTeam "Barnet Knights 3"]

1. e4 e5 2. Nf3 Nc6 3. Bc4 Bc5 4. b4 Bxb4 5. c3 Bc5 6. d4 exd4 7. O-O dxc3 8.
Bxf7+ Kxf7 9. Qd5+ Ke8 10. Qxc5 d6 11. Qxc3 Qe7 12. Ba3 Ne5 13. Nxe5 Qxe5 14.
Qxc7 Qxa1 15. Nc3 Qxf1+ 16. Kxf1 Ne7 17. Qxd6 Ng6 18. Nd5 a5 19. Nc7+ Kf7 20.
Nxa8 Re8 21. Nc7 Rh8 22. e5 h5 23. Qd5+ Be6 24. Qxe6# 1-0

[Event "4NCL Division 4 South"]
[Site "Reading, ENG"]
[Date "2017.01.15"]
[Round "4.115"]
[White "Virin, Asaf"]
[Black "Bentham, Sam"]
[Result "0-1"]
[WhiteElo "1345"]
[BlackElo "1682"]
[PlyCount "92"]
[EventDate "2017.01.15"]
[WhiteTeam "Barnet Knights 3"]
[BlackTeam "Oxford 3"]

1. e4 c5 2. c4 g6 3. Nc3 Bg7 4. g3 Nc6 5. Bg2 e5 6. Nge2 Nge7 7. d3 O-O 8. Be3
d6 9. Nd5 Nxd5 10. cxd5 Ne7 11. O-O h6 12. Qd2 Kh7 13. f4 exf4 14. Bxf4 Bg4 15.
Rac1 Qd7 16. Bf3 Rae8 17. b4 Bxf3 18. Rxf3 g5 19. Be3 cxb4 20. Qxb4 f5 21. Nd4
g4 22. Rf4 Nxd5 23. exd5 Rxe3 24. Nxf5 Rxf5 25. Qd2 Rxf4 26. Qxe3 Bd4 27. Re1
Bxe3+ 28. Rxe3 Rd4 29. Kf2 Qf5+ 30. Ke2 Qf3+ 31. Kd2 Qxe3+ 32. Kxe3 Rxd5 33.
Ke4 Re5+ 34. Kd4 Kg6 35. Kc4 Kf6 36. d4 Rf5 37. a4 Ke6 38. d5+ Rxd5 39. h4 gxh3
40. a5 Rxa5 41. Kd3 h2 42. Ke2 Kf5 43. Kf3 h1=Q+ 44. Kf2 Ra3 45. Ke2 Qh2+ 46.
Ke1 Ra1# 0-1

[Event "4NCL Division 4 South"]
[Site "Reading, ENG"]
[Date "2017.01.15"]
[Round "4.116"]
[White "Langham, Rod E"]
[Black "Carter, Gavin"]
[Result "1-0"]
[WhiteElo "1723"]
[BlackElo "1075"]
[PlyCount "87"]
[EventDate "2017.01.15"]
[WhiteTeam "Oxford 3"]
[BlackTeam "Barnet Knights 3"]

1. d4 d5 2. Bf4 Nc6 3. e3 e5 4. dxe5 Bb4+ 5. c3 Ba5 6. Nd2 a6 7. Ngf3 Nge7 8.
Bg3 Be6 9. Nd4 Qd7 10. Bd3 O-O-O 11. h3 Bb6 12. Qc2 h6 13. f4 g6 14. Bh4 Rdf8
15. Bf6 Rhg8 16. g4 Kb8 17. N2b3 Re8 18. O-O-O Rc8 19. Kb1 Rce8 20. Qg2 h5 21.
Nxe6 fxe6 22. Nd4 Nxd4 23. exd4 Nc6 24. Qc2 Ne7 25. Bxe7 Qxe7 26. Bxg6 Ref8 27.
f5 exf5 28. gxf5 Rh8 29. h4 c6 30. f6 Qd7 31. Bf5 Qf7 32. Rdg1 Rfg8 33. Qh2 Bc7
34. Qh3 Rxg1+ 35. Rxg1 Rg8 36. Rg5 Rxg5 37. hxg5 Bd8 38. g6 Qxf6 39. exf6 Bxf6
40. Qxh5 Bg7 41. Qh7 Bf6 42. Qg8+ Ka7 43. Qf7 Bh8 44. Bc8 1-0

[Event "4NCL Division 4 South"]
[Site "Reading, ENG"]
[Date "2017.01.15"]
[Round "4.121"]
[White "Spencer, Douglas"]
[Black "Brown, Alan M"]
[Result "1/2-1/2"]
[WhiteElo "1967"]
[BlackElo "1969"]
[PlyCount "126"]
[EventDate "2017.01.15"]
[WhiteTeam "West is Best 2"]
[BlackTeam "MK Phoenix 2"]

1. d4 Nf6 2. c4 e6 3. Nf3 Bb4+ 4. Bd2 Qe7 5. g3 Nc6 6. Bg2 Bxd2+ 7. Nbxd2 d6 8.
O-O a5 9. a3 O-O 10. Qc2 Bd7 11. e4 e5 12. d5 Nb8 13. Ne1 Na6 14. Nd3 b5 15.
Rac1 b4 16. a4 Rfb8 17. b3 Nc5 18. Nxc5 dxc5 19. f4 Ra6 20. Rce1 exf4 21. gxf4
Ng4 22. h3 Nh6 23. Nf3 Rf6 24. Ne5 Rxf4 25. Rxf4 Qxe5 26. Qf2 Rb6 27. Rf1 f6
28. Qxc5 Ra6 29. Qf2 Qg5 30. Rf3 Nf7 31. Qg3 Qe5 32. Qxe5 Nxe5 33. Rg3 c5 34.
Bf3 Rd6 35. Kf2 Be8 36. Ke3 Kf8 37. Rfg1 g5 38. h4 h6 39. Bd1 Bg6 40. Rf1 Kg7
41. hxg5 hxg5 42. Rh3 Rd8 43. Bh5 Bh7 44. Be2 Rd6 45. Rfh1 Bg8 46. Rg1 Rd8 47.
Bg4 Rd6 48. Bf5 Rd8 49. Rgh1 Rd6 50. Rh8 Nf7 51. R8h3 Ne5 52. Rd1 Kf8 53. Rh8
Kg7 54. Rh2 Kf8 55. Rf1 Kg7 56. Rd2 Bf7 57. Rh1 Bg8 58. Rf2 Rd8 59. Kd2 Rd6 60.
Kc2 Rd8 61. Kb1 Rd6 62. Kc2 Rd8 63. Rhf1 Rd6 1/2-1/2